000 00765am a2200313a 44500
003 AR-BaBNM
005 20251128211143.0
008 073020s1991 #AR|||||||||||000 | spa||
020 _a950-600-172-3
040 _cAR-BaBNM
245 1 0 _aEconomía y vida cotidiana en la Argentina
250 _a3ª ed.
260 _aBuenos Aires
_bLegasa
_c1991
300 _a267 p.
650 4 _aCLASE MEDIA
650 4 _aDEUDA EXTERNA
650 4 _aHISTORIA ECONOMICA
650 4 _aHISTORIA SOCIAL
650 4 _aCOMERCIO
650 4 _aAGRICULTURA
650 4 _aGANADERIA
650 4 _aSINDICALISMO
651 4 _aArgentina
653 _aMERCOSUR
653 _aPRIVATIZACIONES
700 1 _aMuchnik, Daniel
_ecompilador
942 _cBK
998 _cmariana
999 _c18477
_d18477